[Event "Newport Masters"]
[Site "Newport"]
[Date "1997.??.??"]
[Round "9"]
[White "Dearing, Eddie"]
[Black "Ansell, Simon"]
[Result "1/2-1/2"]
[WhiteElo "2210"]
[BlackElo "2390"]

1.d4 Nf6 2.Bg5 e6 3.e4 h6 4.Bxf6 Qxf6 5.Nc3 Bb4 6.Qd2 e5 7.Nge2 exd4 8.Qxd4 Qxd4
9.Nxd4 Nc6 10.O-O-O Nxd4 11.Rxd4 Bxc3 12.bxc3 d6 13.Bb5+ Ke7 14.Re1 Be6 15.e5 dxe5
16.Rxe5 Rhd8 17.Bc4 Kf6 18.Rc5 Bxc4 19.Rf4+ Kg6 20.Rg4+ Kh7 21.Rgxc4 c6 22.Rd4 Rxd4
23.cxd4 Rd8 24.Rf5 Kg6 25.Rf4 Rd5 26.c3 Rf5 27.Rg4+ Kf6 28.f3 Rh5 29.h3 Ra5
30.Kb2 h5 31.Re4  1/2-1/2

[Event "JUG-ch52"]
[Site "Niksic"]
[Date "1997.??.??"]
[Round "3"]
[White "Petronic, Jovan"]
[Black "Pikula, Dejan"]
[Result "1-0"]
[WhiteElo "2455"]
[BlackElo "2495"]

1.d4 Nf6 2.Bg5 e6 3.e4 h6 4.Bxf6 Qxf6 5.Nc3 d6 6.Nf3 Nd7 7.Qd2 g5 8.h3 Bg7
9.O-O-O O-O 10.Bd3 c5 11.dxc5 dxc5 12.Rhe1 Ne5 13.Nxe5 Qxe5 14.g3 Qc7 15.f4 c4
16.Be2 b5 17.e5 b4 18.Ne4 Bb7 19.Nf6+ Bxf6 20.exf6 c3 21.Qe3 cxb2+ 22.Kxb2 Rac8
23.Bd3 Qc3+ 24.Kb1 Qa3 25.Qc1 Qa5 26.Re5 Rc5 27.Rxc5 Qxc5 28.fxg5 Qxg5 29.Qxg5+ hxg5
30.Kb2 Rc8 31.h4 Rc5 32.a3 bxa3+ 33.Kxa3 gxh4 34.gxh4 Ra5+ 35.Kb2 Rh5 36.Kc3 Rc5+
37.Kd2 Re5 38.Rb1 Bc8 39.Rb8 Rc5 40.Ba6 Kh7 41.Rxc8 Rd5+ 42.Bd3+  1-0

[Event "JUG-chT (Women)"]
[Site "Niksic"]
[Date "1997.??.??"]
[Round "9"]
[White "Benderac, Ana"]
[Black "Nikolin, Zorica"]
[Result "1/2-1/2"]
[WhiteElo "2130"]
[BlackElo "2270"]

1.d4 Nf6 2.Bg5 e6 3.c3 d6 4.Nf3 b6 5.e4 h6 6.Bxf6 Qxf6 7.Bd3 Nd7 8.O-O Bb7
9.Qe2 Qd8 10.Ba6 Bxa6 11.Qxa6 Be7 12.Nbd2 O-O 13.Qe2 d5 14.Rfe1 dxe4 15.Nxe4 Nf6
16.Nxf6+ Bxf6 17.Ne5 Qd5 18.b3 Rfd8 19.Rad1 Bxe5 20.dxe5 Qc5 21.c4 Qe7 22.g3 a5
23.Kg2 Rxd1 24.Rxd1 Rd8 25.Rxd8+ Qxd8 26.Qe4 Qe7 27.Qc6 Kh7 28.h4 h5 29.Qe4+ g6
30.Qf4 Kg7 31.Kh3 Qd8 32.Kg2 Qd3 33.Qf6+ Kg8 34.Kh2 Qd2 35.Kg2 Qd3 36.Qg5 c5
37.Qf6 Qe4+ 38.Kh2 Qe2 39.Qd8+ Kg7 40.Qf6+ Kg8  1/2-1/2

[Event "Plzen KB opJ-A"]
[Site "Plzen"]
[Date "1997.??.??"]
[Round "9"]
[White "Dolezal, Radoslav Jr"]
[Black "Klimes, Martin"]
[Result "1/2-1/2"]
[WhiteElo "2300"]
[BlackElo "2125"]

1.d4 Nf6 2.Bg5 e6 3.c4 Be7 4.Nc3 d5 5.e3 O-O 6.Nf3 Nbd7 7.Qc2 b6 8.cxd5 exd5
9.Bb5 Bb7 10.O-O c5 11.Rfd1 c4 12.b3 a6 13.Bxd7 Qxd7 14.Na4 Qd6 15.Rab1 b5
16.Bxf6 Qxf6 17.Nc5 Bc8  1/2-1/2

[Event "ESP-chT"]
[Site "Ponferrada"]
[Date "1997.??.??"]
[Round "4"]
[White "Romero Holmes, Alfonso"]
[Black "Del Rio de Angeles, Gabriel"]
[Result "1/2-1/2"]
[WhiteElo "2465"]
[BlackElo "2375"]

1.d4 Nf6 2.Bg5 e6 3.e4 h6 4.Bxf6 Qxf6 5.Nc3 b6 6.Qd2 Bb7 7.f4 Bb4 8.e5 Qh4+
9.Qf2 Qxf2+ 10.Kxf2 O-O 11.Nb5 a6 12.Nxc7 Ra7 13.c3 Be7 14.d5 exd5 15.Rd1 d4
16.c4 Bh4+ 17.Ke2 Rc8 18.Nd5 Rxc4 19.Kd2 d3 20.Bxd3 Ra4 21.Ne3 Rxa2 22.Rb1 Bf2
23.Ne2 Bxe3+ 24.Kxe3 Nc6 25.Rhd1  1/2-1/2

[Event "ESP-chT"]
[Site "Ponferrada"]
[Date "1997.??.??"]
[Round "8"]
[White "Romero Holmes, Alfonso"]
[Black "Comas Fabrego, Luis"]
[Result "1-0"]
[WhiteElo "2465"]
[BlackElo "2475"]

1.d4 Nf6 2.Bg5 e6 3.e4 h6 4.Bxf6 Qxf6 5.Nc3 d6 6.h4 c6 7.Qd2 e5 8.d5 Nd7
9.g3 Qd8 10.O-O-O Nf6 11.Bh3 Bxh3 12.Nxh3 Qb6 13.f3 Be7 14.Kb1 cxd5 15.Nxd5 Nxd5
16.Qxd5 Rc8 17.Qb3 Qa6 18.Nf2 O-O 19.Nd3 Rfe8 20.Rd2 b5 21.Nb4 Qb7 22.Nd5 Bf8
23.g4 Kh7 24.g5 h5 25.f4 exf4 26.Qf3 Kg8 27.Qxh5 Re5 28.Rg1 Be7 29.Qf3 Rc4
30.Re1 Bd8 31.b3 Rc5 32.Rf1 Qc8 33.Qxf4 Qe6 34.Rd4 Bb6 35.Rfd1 Rc6 36.Nxb6 Rxb6
37.Qd2 Qg4 38.Rxd6 Rxd6 39.Qxd6 Rxe4 40.Qb8+ Kh7 41.Rd8 Rd4 42.Rh8+ Kg6 43.h5+ Kxg5
44.Qe5+ f5 45.Qxg7+ Kh4 46.Qf6+ Kh3 47.Rf8 Rf4 48.Rd8 Rf1+ 49.Kb2 Qf4 50.Qc3+ Rf3
51.Qxf3+  1-0

[Event "South Wales Invitation"]
[Site "Pontardulais"]
[Date "1997.??.??"]
[Round "5"]
[White "Jones, Iolo C"]
[Black "Downey, Kevin"]
[Result "1/2-1/2"]
[WhiteElo "2230"]
[BlackElo "2060"]

1.d4 Nf6 2.Bg5 e6 3.e4 h6 4.Bxf6 Qxf6 5.Nf3 d6 6.Nc3 g6 7.Be2 Bg7 8.O-O O-O
9.Qd2 a6 10.Rad1 b5 11.e5 Qe7 12.Ne4 Nd7 13.exd6 cxd6 14.Qb4 Bb7 15.Qxd6 Qd8
16.Bd3 Nf6 17.Qxd8 Rfxd8 18.Ned2 Rac8 19.c3 Bd5 20.Bb1 Bf8 21.Ne5 Rc7 22.a3 Rdc8
23.Rfe1 a5 24.Bd3 Rb8 25.Rc1 Kg7 26.Nf1 Nd7 27.f4 Nf6 28.Ne3 Ba8 29.Re2 b4
30.axb4 axb4 31.Rec2 b3 32.Re2 Ra7 33.g4 Nd5 34.Nxd5 Bxd5 35.c4 Ba8 36.Be4 Bxe4
37.Rxe4 Ra2 38.Rb1 Rc8 39.g5 hxg5 40.fxg5 Bd6 41.Rf4 Rc7 42.h4 Ra4 43.Rc1 Ra2
44.Rf2 Ra4 45.Rf4 Ra2 46.Rb1 Ra4  1/2-1/2

[Event "Porto San Giorgio op"]
[Site "Porto San Giorgio"]
[Date "1997.??.??"]
[Round "7"]
[White "Barlocco, Carlo"]
[Black "Iotti, Pierluigi"]
[Result "0-1"]
[WhiteElo "2145"]
[BlackElo "2310"]

1.d4 Nf6 2.Bg5 e6 3.Nf3 Be7 4.e3 b6 5.Nbd2 Bb7 6.Be2 c5 7.O-O O-O 8.c3 d6
9.b4 Nbd7 10.bxc5 dxc5 11.a4 a6 12.Qb3 cxd4 13.cxd4 Nd5 14.Bxe7 Qxe7 15.Rfc1 Rfc8
16.Nc4 Nb4 17.Nfe5 Nxe5 18.Nxe5 a5 19.Bf3 Bxf3 20.Nxf3 Rc7 21.Rc4 Rac8 22.Rac1 Kf8
23.Kf1 Qd6 24.Rxc7 Rxc7 25.Rc3 Ke7 26.Ne5 f6 27.Rxc7+ Qxc7 28.Qc4 Kd6 29.Qxc7+ Kxc7
30.Nc4 Na2 31.Ke1 Nc3 32.Nb2 Kc6 33.f3 b5 34.axb5+ Kxb5 35.Kd2 Kb4 36.Kd3 a4
37.Nc4 Nd5 38.g3 a3 39.Nxa3 Kxa3 40.e4 Nb6 41.d5 e5  0-1

[Event "Pula op"]
[Site "Pula"]
[Date "1997.??.??"]
[Round "4"]
[White "Nei, Iivo"]
[Black "Sturua, Zurab"]
[Result "1/2-1/2"]
[WhiteElo "2380"]
[BlackElo "2560"]

1.d4 Nf6 2.Bg5 e6 3.Nd2 h6 4.Bh4 c5 5.e3 b6 6.Ne4 Be7 7.Nxf6+ Bxf6 8.Bxf6 Qxf6
9.Qf3 Nc6 10.Qxf6 gxf6 11.c3 Bb7 12.f3 cxd4 13.exd4 Rg8 14.Kf2 Rc8 15.Bd3 Ne7
16.Ne2 Ng6 17.Rhg1 Ke7 18.Rad1 f5 19.Rge1 Kf6 20.Rg1 d6 21.g3 Bd5 22.Nf4 Nxf4
23.gxf4 Rxg1 24.Rxg1 e5 25.dxe5+ dxe5 26.Ke3 exf4+ 27.Kxf4 Bxa2 28.Bxf5 Rc5
29.Be4 Be6 30.Rg2 Rh5 31.Ke3 Ke5 32.f4+ Kd6 33.Kd4 Rc5 34.Rd2 a5 35.Ke3+ Ke7
36.Bf3 Rc7 37.Rd4 Rc5 38.Rd2 Rc8 39.Rd4 Rc7 40.Rd2 Rc8 41.Be4 Rb8 42.f5 Bc4
43.Kf4 b5 44.Bc6 Rb6 45.Rd7+ Ke8 46.Rd6+ Ke7 47.Rd7+ Ke8 48.Rd6+ Ke7  1/2-1/2

[Event "ISL-chB"]
[Site "Reykjavik"]
[Date "1997.??.??"]
[Round "5"]
[White "Ragnarsson, Johann Hjortur"]
[Black "Ulfarsson, Magnus Orn"]
[Result "0-1"]
[WhiteElo "2100"]
[BlackElo "2305"]

1.d4 Nf6 2.Bg5 e6 3.Nf3 d5 4.c4 Be7 5.Nc3 O-O 6.e3 b6 7.Rc1 Bb7 8.cxd5 exd5
9.Be2 Nbd7 10.O-O h6 11.Bf4 c6 12.h3 a5 13.a4 Bb4 14.Qb3 Re8 15.Rfd1 Qe7
16.Bh2 Rac8 17.Ne5 Nxe5 18.Bxe5 Rcd8 19.Na2 Nd7 20.Bc7 Rc8 21.Nxb4 axb4 22.Bg3 Nf6
23.Be5 Nd7 24.Bg3 c5 25.dxc5 bxc5 26.Bg4 c4 27.Qc2 Bc6 28.Bxd7 Qxd7 29.Qd2 Qe7
30.Re1 Qc5 31.Qd4 Qxd4 32.exd4 Rxe1+ 33.Rxe1 Bxa4 34.Bd6 c3 35.bxc3 bxc3
36.Rc1 c2 37.Bf4 g5 38.Be3 f5 39.g3 Kf7 40.Kg2 Kf6 41.Kf3 Ke6 42.Ke2 Rc4
43.Kd3 Kd6 44.h4 gxh4 45.gxh4 h5 46.Rg1 Kc6 47.Bc1 Kb5 48.Rg5 Kb4 49.Rxf5 Rc3+
50.Ke2 Kc4 51.Rxh5 Rh3 52.Rh7 Rh1 53.Rc7+ Kb3 54.Be3 Bb5+ 55.Kf3 Rh3+ 56.Kf4 Bc4
57.Rb7+ Kc3 58.Bc1 Rxh4+ 59.Kg5  0-1

[Event "Santiago op"]
[Site "Santiago de Chile"]
[Date "1997.??.??"]
[Round "4"]
[White "Jauregui Andrade, Carlos"]
[Black "Basualto, Pedro"]
[Result "0-1"]
[WhiteElo "2305"]
[BlackElo "2130"]

1.d4 Nf6 2.Bg5 e6 3.e3 c5 4.Nd2 d5 5.c3 Nbd7 6.Ngf3 Qc7 7.Bd3 Bd6 8.O-O O-O
9.Qe2 e5 10.dxe5 Bxe5 11.Nxe5 Qxe5 12.Nf3 Qe6 13.Qc2 Ne4 14.c4 Re8 15.cxd5 Qxd5
16.Rad1 Qc6 17.Bc4 Nb6 18.Bd3 Bg4 19.Bf4 Bxf3 20.gxf3 Nf6 21.Be2 Nfd5 22.Bg3 Kh8
23.Rd2 Rac8 24.Rfd1 c4 25.Rd4 Ne7 26.Rd6 Qc5 27.e4 c3 28.Bf4 cxb2 29.Qxb2 Na4
30.Qd4 Nc3 31.Rd2 Nxe2+ 32.Rxe2 Qh5 33.Kg2 Ng6 34.Bg3 Qg5 35.Qe3 Qh5 36.Rd5 Nh4+
37.Bxh4 Qxh4 38.Qg5 Qxg5+ 39.Rxg5 Red8  0-1

[Event "RUS-Cup8"]
[Site "Smolensk"]
[Date "1997.??.??"]
[Round "8"]
[White "Zlochevskij, Alexander"]
[Black "Gutow, A."]
[Result "1/2-1/2"]
[WhiteElo "2425"]
[BlackElo "2355"]

1.d4 Nf6 2.Bg5 e6 3.e4 h6 4.Bxf6 Qxf6 5.Nc3 Bb4 6.Ne2 d6 7.a3 Ba5 8.Qd3 e5
9.b4 Bb6 10.Nd5 Qd8 11.c3 O-O 12.g3 c6 13.Nxb6 axb6 14.Bg2 b5 15.O-O Nd7
16.Rfd1 Qc7 17.d5 Nb6 18.dxc6 Nc4 19.a4 bxc6 20.a5 f5 21.Nc1 f4 22.Nb3 Be6
23.Qe2 Ne3 24.fxe3 Bxb3 25.Rd2 fxg3 26.hxg3 Rf6 27.Qe1 c5 28.Rb1 Bc4 29.Rbb2 Qc6
30.Qd1 Raf8 31.Rf2 Rg6 32.Rxf8+ Kxf8 33.Rf2+ Ke7 34.Qf3 Rf6 35.Qg4 Rxf2 36.Kxf2 Kf8
37.Bh3 cxb4 38.cxb4 Bd3 39.Qc8+ Qxc8 40.Bxc8 Ke7 41.Bb7 Kd7 42.Bd5 Bc4  1/2-1/2

[Event "Split"]
[Site "Split"]
[Date "1997.??.??"]
[Round "?"]
[White "Samovojska, Damir"]
[Black "Krumpacnik, Domen"]
[Result "1/2-1/2"]
[WhiteElo "2345"]
[BlackElo "2385"]

1.d4 Nf6 2.Bg5 e6 3.Nd2 c5 4.e3 Be7 5.c3 b6 6.Ngf3 O-O 7.Bd3 cxd4 8.cxd4 Ba6
9.Ne5 Bxd3 10.Nxd3 Nc6 11.O-O b5 12.Qe2 Qb8 13.Rfc1 Rc8 14.Nc5 d6 15.Bxf6 gxf6
16.Nd3 d5 17.Nb3 f5 18.Rc2 Bf6 19.Rac1 Qd6 20.Ne5 Ne7 21.Rxc8+ Rxc8 22.Rxc8+ Nxc8
23.Qxb5 Kg7 24.Nd3 Qc7 25.Nbc5 Nb6 26.Nf4 Qe7 27.Ncd3 Nc4 28.b3 Nd6 29.Qb8 Bg5
30.Qb4 Qd8 31.Ne2 Ne4 32.Ng3 Be7 33.Qe1 Qc7 34.Qc1 Qa5 35.Qc2 Bd6 36.Ne2 h6
37.g3 Qa6 38.Kg2 Ba3 39.Nef4 Bd6 40.h4 Qa5 41.Ne2 Ba3 42.Ng1 Qc3 43.Qe2 a5
44.Nf3 Bd6 45.Nfe5 f6 46.Nf3 Qc6 47.Nfe1 Qc7 48.Kg1 Qc3 49.Qb2 Bb4 50.Qxc3 Nxc3
51.a4 Bd6 52.Kf1 Kg6 53.Nc1 e5 54.Ned3 f4 55.dxe5 fxe5 56.Ne2 Nxe2 57.Kxe2 fxg3
58.fxg3 Kf5 59.Nf2 h5 60.Kf3 e4+ 61.Kg2 Bc5 62.Nd1 d4 63.exd4 Bxd4 64.Nf2 e3
65.Nd3 Kg4 66.b4 axb4 67.Nxb4 Bb6 68.Nc2 e2 69.a5 Bc5 70.a6 Bb6 71.Ne1 Bc5
72.Nd3 Ba7 73.Ne1 Bc5  1/2-1/2

[Event "St Heliers op"]
[Site "St Heliers"]
[Date "1997.??.??"]
[Round "2"]
[White "Hodgson, Julian M"]
[Black "Gunter, David WW"]
[Result "1/2-1/2"]
[WhiteElo "2560"]
[BlackElo "2145"]

1.d4 Nf6 2.Bg5 e6 3.Nd2 d5 4.e3 Be7 5.Bd3 O-O 6.f4 c5 7.c3 cxd4 8.exd4 Nbd7
9.Ngf3 h6 10.Bxf6 Bxf6 11.Qe2 Rb8 12.h4 b5 13.g4 b4 14.g5 bxc3 15.bxc3 Qc7
16.gxf6 Nxf6 17.Rg1 Qxc3 18.Kf2 Rb2 19.Rxg7+ Kxg7 20.Rg1+ Ng4+ 21.Rxg4+ Kf6
22.f5 Ke7 23.Qe3 Rxa2 24.Rg1 Ra3 25.f6+ Kxf6 26.Qxh6+ Ke7 27.Be2 Ra2 28.Qg5+ f6
29.Qf4 Rf7 30.Rg8 Bd7 31.h5 Qc1 32.Nh4 e5 33.Ng6+ Ke6 34.dxe5 fxe5 35.Nf8+ Ke7
36.Ng6+ Ke6 37.Nf8+ Ke7 38.Ng6+  1/2-1/2

[Event "St Heliers op"]
[Site "St Heliers"]
[Date "1997.??.??"]
[Round "4"]
[White "Hodgson, Julian M"]
[Black "McEwan, Ken B"]
[Result "1-0"]
[WhiteElo "2560"]
[BlackElo "2220"]

1.d4 Nf6 2.Bg5 e6 3.Nd2 d5 4.e3 Be7 5.Bd3 Nbd7 6.f4 b6 7.Nh3 Bb7 8.Nf2 c5
9.c3 h6 10.Bxf6 Bxf6 11.Nf3 Qc7 12.Ne5 Bxe5 13.fxe5 O-O-O 14.Qg4 g5 15.O-O-O Rdf8
16.Kb1 Qd8 17.Bb5 c4 18.e4 Nb8 19.Rhe1 a6 20.Ba4 h5 21.Qg3 f5 22.exf5 Rxf5
23.Bc2 Rff8 24.Nh3 Rhg8 25.Rf1 Nd7 26.Rxf8 Nxf8 27.Rf1 g4 28.Ng1 Qe7 29.Qf4 Bc6
30.Ne2 Be8 31.Qh6 Ng6 32.Rf6 Rh8 33.Qg5 Nf8 34.Nf4 Kd8 35.a3 Bd7 36.Nxh5 Nh7
37.Qh6 Nxf6 38.Qxh8+ Ne8 39.Nf6  1-0

[Event "St Heliers op"]
[Site "St Heliers"]
[Date "1997.??.??"]
[Round "4"]
[White "Gunter, David WW"]
[Black "Ward, Christopher"]
[Result "0-1"]
[WhiteElo "2145"]
[BlackElo "2490"]

1.d4 Nf6 2.Bg5 e6 3.e4 h6 4.Bxf6 Qxf6 5.Nc3 Bb4 6.Qd2 d6 7.f4 e5 8.dxe5 dxe5
9.f5 Bxc3 10.Bb5+ Bd7 11.Bxd7+ Nxd7 12.Qxc3 Qh4+ 13.Kf1 Qxe4 14.Qxc7 Qxf5+
15.Ke2 O-O  0-1

[Event "St Heliers op"]
[Site "St Heliers"]
[Date "1997.??.??"]
[Round "7"]
[White "Toll, Alec J"]
[Black "Hirmann, Peter"]
[Result "1-0"]
[WhiteElo "2105"]
[BlackElo "2060"]

1.d4 Nf6 2.Bg5 e6 3.Nf3 h6 4.Bxf6 Qxf6 5.e4 d6 6.Nc3 Qd8 7.Bc4 Be7 8.Qe2 Nd7
9.O-O O-O 10.Rad1 a6 11.a4 Re8 12.Rfe1 c6 13.Qe3 Qc7 14.Ne2 b5 15.axb5 axb5
16.Bd3 Bf6 17.g4 Rb8 18.h4 e5 19.c3 exd4 20.cxd4 c5 21.g5 cxd4 22.Nfxd4 Bxd4
23.Nxd4 hxg5 24.Qxg5 Qc5 25.Nf5 Qe5 26.f4 Qf6 27.Qxf6 Nxf6 28.Nxd6 Rd8 29.e5 Ne8
30.Bxb5 Nxd6 31.Rxd6 Rxd6 32.exd6 Rxb5 33.Re8+ Kh7 34.Rxc8 Rd5 35.Rc6 f5
36.b4 Kg8 37.b5 Kf7 38.b6 Ke6 39.b7 Rb5 40.Rc7 Kxd6 41.Rxg7 Kd5 42.h5 Ke4
43.h6 Kf3 44.h7 Rb1+ 45.Kh2 Rb2+ 46.Kh1  1-0

[Event "SWZ-chT9697"]
[Site "SWZ"]
[Date "1997.??.??"]
[Round "?"]
[White "Gilles, Raphael"]
[Black "Hirzel, Rene"]
[Result "1-0"]
[WhiteElo "2270"]
[BlackElo "2190"]

1.d4 Nf6 2.Bg5 e6 3.Nd2 d5 4.e3 Bd6 5.f4 Nbd7 6.Ngf3 c5 7.c3 cxd4 8.cxd4 Qb6
9.Bd3 h6 10.Bh4 Qxb2 11.O-O Qa3 12.Qe2 O-O 13.e4 dxe4 14.Nxe4 Nd5 15.Ne5 Be7
16.Be1 Qa4 17.Bb5 Qxd4+ 18.Bf2 Nxf4 19.Bxd4 Nxe2+ 20.Bxe2 Nxe5 21.Bxe5 Bd7
22.Bd6 Bxd6 23.Nxd6 Bc6 24.Bh5 g6 25.Bf3 Bxf3 26.Rxf3 Rad8 27.Nxb7 Rd2 28.Raf1 f5
29.R3f2 Rd5 30.Rc2 Rb8 31.Rc7 Rd2 32.a4 e5 33.a5 a6 34.Rfc1 Rb2 35.Rc8+ Rxc8
36.Rxc8+ Kg7 37.Rc7+ Kg8 38.Nd6 Ra2 39.Nc4 e4 40.g3 g5 41.Rc6 Ra4 42.Rc5 f4
43.gxf4 gxf4 44.Kg2 Ra2+ 45.Kh3 e3 46.Kg4 Rxh2 47.Ne5 Ra2 48.Kxf4 e2 49.Nf3 Kf7
50.Ke3 Ke7 51.Kf2 Kd7 52.Rh5 Kc7 53.Nd4 Kb7 54.Nxe2 Rb2 55.Ke3 Rb5 56.Rxb5+ axb5
57.Nd4  1-0

[Event "EU-ch U18"]
[Site "Tallinn"]
[Date "1997.??.??"]
[Round "4"]
[White "Nurkiewicz, Maciej"]
[Black "Doettling, Fabian"]
[Result "0-1"]
[WhiteElo "2355"]
[BlackElo "2320"]

1.d4 Nf6 2.Bg5 e6 3.e4 h6 4.Bxf6 Qxf6 5.Nc3 d6 6.Qd2 c6 7.f4 e5 8.fxe5 dxe5
9.d5 Bb4 10.O-O-O O-O 11.Kb1 Nd7 12.a3 Bxc3 13.Qxc3 cxd5 14.exd5 Nb6 15.Nf3 Bg4
16.Rd2 Bxf3 17.Qxf3 Qg5 18.Rd1 f5 19.d6 e4 20.Qb3+ Kh8 21.g3 Rad8 22.c4 Nd7
23.Qxb7 Qe3 24.Bh3 Rb8 25.Qxd7 Qc3 26.Qb5 Rxb5 27.cxb5 Qe5 28.Rhf1 g6 29.Rf2 Rd8
30.d7 Qe6 31.Rfd2 e3 32.Re2 Rxd7 33.Rxd7 Qxd7 34.Rxe3 Qxb5 35.Bg2 Qc5 36.Re8+ Kg7
37.Ka2 Qf2 38.Bd5 Qxh2 39.Re7+ Kf6 40.Rxa7 Qxg3 41.a4 Qd3 42.Bb3 f4 43.a5 f3
44.a6 f2 45.Rf7+ Kg5 46.Rxf2 Qxa6+ 47.Kb1 h5 48.Bc2 h4 49.Rg2+ Kh6  0-1

[Event "ROM-chT"]
[Site "Tusnad"]
[Date "1997.??.??"]
[Round "?"]
[White "Ungureanu, Emil"]
[Black "Nisipeanu, Liviu Dieter"]
[Result "0-1"]
[WhiteElo "2320"]
[BlackElo "2545"]

1.d4 Nf6 2.Bg5 e6 3.c3 c5 4.e3 b6 5.Nd2 Bb7 6.Ngf3 Be7 7.Bd3 O-O 8.O-O Nc6
9.Rc1 cxd4 10.exd4 Nd5 11.Bxe7 Ncxe7 12.Re1 Rc8 13.c4 Nf4 14.Bf1 d5 15.g3 Nfg6
16.c5 bxc5 17.dxc5 Nc6 18.b4 a6 19.h4 Qc7 20.a3 e5 21.Bg2 e4 22.Ng5 Rcd8
23.Nb3 Nge5 24.Rb1 Bc8 25.Kh2 f5 26.Nh3 Nd3 27.Rf1 f4 28.Nxf4 Nxf4 29.gxf4 Qxf4+
30.Kg1 Ne5 31.Nd4 Ng4  0-1

[Event "JUG Cup"]
[Site "Ulcinj"]
[Date "1997.??.??"]
[Round "?"]
[White "Milanovic, Danilo"]
[Black "Mackic, Zoran"]
[Result "1/2-1/2"]
[WhiteElo "2415"]
[BlackElo "2430"]

1.d4 Nf6 2.Bg5 e6 3.e4 d5 4.e5 h6 5.Be3 Nfd7 6.Nd2 c5 7.c3 Nc6 8.Ngf3 cxd4
9.cxd4 Nb6 10.Bd3 Nb4 11.Be2 a5 12.O-O a4  1/2-1/2

[Event "VAM Hoogeveen op"]
[Site "Wijk aan Zee"]
[Date "1997.??.??"]
[Round "3"]
[White "Ernst, Sipke"]
[Black "Azadmanesh, Moosa"]
[Result "1-0"]
[WhiteElo "2270"]
[BlackElo "2110"]

1.d4 Nf6 2.Bg5 e6 3.e4 Be7 4.Nc3 b6 5.Bxf6 Bxf6 6.e5 Be7 7.Qg4 Bf8 8.Nh3 Bb7
9.Nf4 Nc6 10.O-O-O Qe7 11.Bc4 O-O-O 12.a3 Na5 13.Ba2 f5 14.Qh3 Qe8 15.Qg3 Rg8
16.h4 Qe7 17.d5 exd5 18.Nfxd5 Qe8 19.Nxc7 Kxc7 20.Bxg8 Bc6 21.e6+ d6 22.Bf7 Qe7
23.Nd5+ Bxd5 24.Rxd5 g6 25.h5 Bh6+ 26.Kb1 f4 27.Qc3+  1-0

[Event "VAM Hoogeveen op"]
[Site "Wijk aan Zee"]
[Date "1997.??.??"]
[Round "5"]
[White "Ernst, Sipke"]
[Black "Bosboom, Manuel"]
[Result "1-0"]
[WhiteElo "2270"]
[BlackElo "2430"]

1.d4 Nf6 2.Bg5 e6 3.e4 h6 4.Bxf6 Qxf6 5.Nc3 d6 6.Qd2 c6 7.f4 e5 8.dxe5 dxe5
9.fxe5 Qxe5 10.Nf3 Qa5 11.Qd4 Qc5 12.O-O-O Qxd4 13.Nxd4 Nd7 14.Nf5 Ne5 15.Be2 g6
16.Nd6+ Ke7 17.Nxc8+ Rxc8 18.Nb1 h5 19.Na3 b5 20.c3 Bh6+ 21.Kb1 Ng4 22.Bxg4 hxg4
23.Nc2 Bf4 24.g3 Bg5 25.Nb4 Ke6 26.Nd3 Be3 27.Rhe1 Bb6 28.Re2 Rcd8 29.Kc2 g5
30.Rf1 f6 31.Rf5 Rhe8 32.Nf2 Bxf2 33.Rexf2 Rf8 34.e5 Rde8 35.exf6 Kf7 36.Rxg5 Re4
37.Rg7+  1-0

[Event "Zagreb op"]
[Site "Zagreb"]
[Date "1997.??.??"]
[Round "9"]
[White "Rosandic, Denis"]
[Black "Pavlinic, Darko"]
[Result "1/2-1/2"]
[WhiteElo "2280"]
[BlackElo "2110"]

1.d4 Nf6 2.Bg5 e6 3.Nd2 h6 4.Bh4 c5 5.e3 cxd4 6.exd4 Be7 7.c3 O-O 8.Bd3 b6
9.Qf3 d5 10.Qe2 a5 11.Ngf3 Ba6 12.Bxa6 Nxa6 13.Ne5 Nb8 14.O-O Nfd7 15.Bxe7 Qxe7
16.f4 Re8 17.Qb5 a4 18.Rae1 Ra5 19.Qd3 Qf8 20.Nxd7 Nxd7 21.f5 exf5 22.Qxf5 Nf6
23.h3 a3 24.b3 Raa8 25.Qd3 Qd6 26.Nf3 Rxe1 27.Rxe1 Qg3 28.Qf5 Rd8 29.Qe5  1/2-1/2

[Event "Ano Liosia op"]
[Site "Athens"]
[Date "1998.01.06"]
[Round "4"]
[White "Shahtahtinsky, Alekper"]
[Black "Zahariev, Zahari"]
[Result "1/2-1/2"]
[WhiteElo "2305"]
[BlackElo "2415"]

1.d4 Nf6 2.Bg5 e6 3.c3 c5 4.e3 Be7 5.Nd2 b6 6.Bd3 Bb7 7.Ngf3 O-O 8.Qc2 h6
9.Bxf6 Bxf6 10.Rg1 cxd4 11.Nxd4 d5 12.g4 Nd7 13.O-O-O Nc5 14.f4 Ba6 15.Bxa6 Nxa6
16.N2f3 Nc5 17.g5 hxg5 18.fxg5 Bxd4 19.exd4 Ne4 20.Qg2 Rc8 21.Kb1  1/2-1/2

[Event "AUT-chT3 9798"]
[Site "Vorarlberg "]
[Date "1998.01.09"]
[Round "6"]
[White "Heinritz, Dietmar"]
[Black "Studer, Kurt"]
[Result "1-0"]
[WhiteElo "1790"]
[BlackElo "1775"]

1.d4 Nf6 2.Bg5 e6 3.e4 h6 4.Bxf6 Qxf6 5.Nf3 d5 6.e5 Qd8 7.Bd3 Nd7 8.O-O c5
9.c3 Be7 10.Nbd2 a6 11.Rc1 b5 12.Re1 Qa5 13.Bb1 c4 14.b4 Qd8 15.Nf1 Nb6 16.Ne3 Bd7
17.Nd2 a5 18.Qg4 O-O 19.a3 axb4 20.axb4 Ra3 21.Nd1 Kh8 22.Re3 Ra1 23.Rh3 Rg8
24.f4 Qf8 25.Qh5 g6 26.Qxh6+ Qxh6 27.Rxh6+ Kg7 28.Rh3 Rga8 29.Rf3 R8a3 30.Ne3 R3a2
31.Nc2 Rxb1 32.Nxb1 Ra8 33.g4 Rg8 34.Kh1 Bh4 35.Ne3 Be7 36.f5 Bg5 37.Rcf1 Be8
38.Ng2 Rh8 39.fxg6 fxg6 40.h3 Na4 41.R1f2 Be7 42.Kh2 g5 43.Na3 Rh6 44.Nxb5 Bxb4
45.Nc7 Nxc3 46.Nxe8+  1-0

[Event "Szeged TT01 IM"]
[Site "Szeged"]
[Date "1998.01.23"]
[Round "9"]
[White "Dupsky, Laszlo"]
[Black "Tatar Kis, Szabolcs"]
[Result "0-1"]
[WhiteElo "2260"]
[BlackElo "2350"]

1.d4 Nf6 2.Bg5 e6 3.e4 h6 4.Bxf6 Qxf6 5.c3 c5 6.Nf3 Qd8 7.Nbd2 Be7 8.Bd3 d6
9.a3 O-O 10.b4 b6 11.O-O Bb7 12.Qe2 Nd7 13.Nc4 Rc8 14.b5 Nf6 15.a4 cxd4 16.Nxd4 d5
17.exd5 Qxd5 18.Ne3 Qe5 19.f4 Qd6 20.Nc4 Qd5 21.f5 e5 22.Nxe5 Rxc3 23.Ndf3 Re8
24.Bc4 Rxc4 25.Qxc4 Bc5+ 26.Kh1 Rxe5 27.Qxd5 Rxd5 28.Ng1 Ng4 29.h3 Rd2 30.Nf3 Nf2+
31.Rxf2 Rxf2 32.a5 bxa5 33.Rxa5 Rf1+ 34.Kh2 Bd6+  0-1

[Event "Anibal op 5th"]
[Site "Linares"]
[Date "1998.01.28"]
[Round "9"]
[White "Dumitrescu, Dragos"]
[Black "Garcia Ilundain, David"]
[Result "1/2-1/2"]
[WhiteElo "2400"]
[BlackElo "2495"]

1.d4 Nf6 2.Bg5 e6 3.e4 h6 4.Bxf6 Qxf6 5.Nf3 d6 6.Bd3 g6 7.O-O Bg7 8.c3 O-O
9.Nbd2 Qd8 10.Qc2 Nd7 11.a4 c5 12.a5 Qc7 13.Rfc1 Nb8 14.Qa4 Rd8 15.b4 Nd7
16.Rab1 Nf6 17.bxc5 dxc5 18.Qb5 Rb8 19.e5 Bd7 20.Qb3 Nd5 21.Ne4 cxd4  1/2-1/2

[Event "AUT-chT2S 9798"]
[Site "Austria"]
[Date "1998.02.07"]
[Round "7"]
[White "Mohr, Georg"]
[Black "Rogulj, Branko"]
[Result "1/2-1/2"]
[WhiteElo "2480"]
[BlackElo "2415"]

1.d4 Nf6 2.Bg5 e6 3.e4 h6 4.Bxf6 Qxf6 5.Nf3 d6 6.Nc3 g6 7.Bc4 Bg7 8.O-O O-O
9.Qd2 Nc6 10.Rad1 a6 11.a4 e5 12.Nd5 Qd8 13.dxe5 dxe5 14.Qe3 Nd4 15.c3  1/2-1/2

[Event "FRA-chT"]
[Site "FRA"]
[Date "1998.02.08"]
[Round "3"]
[White "Kosten, Anthony C"]
[Black "Spiridonov, Nikola"]
[Result "1-0"]
[WhiteElo "2535"]
[BlackElo "2395"]

1.d4 Nf6 2.Bg5 e6 3.e4 h6 4.Bxf6 Qxf6 5.c3 d6 6.Bd3 e5 7.Ne2 Qd8 8.O-O Be7
9.f4 O-O 10.Nd2 Bf6 11.Nf3 Nc6 12.h3 a6 13.Qd2 exf4 14.Nxf4 Bg5 15.Nxg5 Qxg5
16.Rf3 Nd8 17.Qf2 Ne6 18.h4 Qe7 19.Nd5 Qd8 20.Rf1 f6 21.Qg3 Kh8 22.e5 Rg8
23.exf6 gxf6 24.Qe1 f5 25.Rxf5  1-0

[Event "Chebanenco mem 1st"]
[Site "Kishinev"]
[Date "1998.02.11"]
[Round "3"]
[White "Rogozenko, Dorin"]
[Black "Itkis, Boris"]
[Result "1/2-1/2"]
[WhiteElo "2495"]
[BlackElo "2460"]

1.d4 Nf6 2.Bg5 e6 3.e4 h6 4.Bxf6 Qxf6 5.Nc3 d6 6.Qd2 Nd7 7.f4 g5 8.Nb5 Qd8
9.Qc3 c6 10.d5 Rg8 11.dxc6 Nc5 12.e5  1/2-1/2

[Event "Malaga op"]
[Site "Malaga"]
[Date "1998.02.15"]
[Round "3"]
[White "Bellon Lopez, Juan Manuel"]
[Black "Sparreboom, Willem"]
[Result "1-0"]
[WhiteElo "2455"]
[BlackElo "2010"]

1.d4 Nf6 2.Bg5 e6 3.e3 d5 4.c4 c5 5.Nc3 cxd4 6.exd4 Be7 7.Nf3 Nc6 8.Rc1 O-O
9.a3 h6 10.Bh4 Re8 11.c5 e5 12.dxe5 Ng4 13.Bxe7 Rxe7 14.Nxd5 Rd7 15.Bc4 Ngxe5
16.Ba2 Qa5+ 17.Rc3 Nb4 18.Nxe5 Nxa2 19.Nxd7 Bxd7 20.Ne7+ Kf8 21.Qd6 Re8 22.b4 Qd8
23.Re3 Rxe7 24.Kd2 Qe8 25.Rhe1 Be6 26.Rxe6 fxe6 27.Rxe6 Qd7 28.Rxe7 Qxe7
29.Qxe7+ Kxe7 30.Kc2 Kd7 31.Kb2 Nxb4 32.axb4  1-0

[Event "Manila m"]
[Site "Manila"]
[Date "1998.02.15"]
[Round "1"]
[White "Torre, Eugenio"]
[Black "Antonio, Rogelio Jr"]
[Result "1/2-1/2"]
[WhiteElo "2560"]
[BlackElo "2520"]

1.d4 Nf6 2.Bg5 e6 3.e4 h6 4.Bxf6 Qxf6 5.Nf3 d6 6.c3 Nd7 7.Bd3 e5 8.O-O g5
9.Na3 Bg7 10.Nc4 g4 11.dxe5 dxe5 12.Nfd2 Nc5 13.Bc2 Be6 14.b4 O-O-O 15.Qe2 Nd7
16.Na5 Nb8 17.a4 h5 18.Ndb3 b6 19.Nc4 Bh6 20.a5 Bxc4 21.Qxc4 Qc6 22.Bd3 Qxc4
23.Bxc4 f6 24.axb6 axb6 25.Rfd1 Rxd1+ 26.Rxd1 c6 27.Bf7 Bg5 28.Kf1 Kc7 29.Ke2 Nd7
30.Be6 Rd8 31.Na1 Nf8 32.Rxd8 Kxd8 33.Bf7 h4 34.g3 hxg3 35.hxg3 f5 36.Nc2 Ke7
37.Bh5 Nd7 38.exf5 Nf6 39.Bg6 Ne4 40.f6+ Nxf6 41.Bf5 b5 42.Ne3 Kd6 43.Nxg4 Nxg4
44.Bxg4 e4 45.Bh5 Bf6 46.Kd2 Bg5+ 47.Kc2 Bd8 48.g4 Bh4 49.Bg6 Bxf2 50.Bxe4 Be3
51.Bg6 Bg5 52.Be8 Kc7 53.Kd3 Kd6  1/2-1/2